Former YG TRAINEES - Statistics

General Stats
  • This quiz has been taken 39 times
  • The average score is 5 of 20
Answer Stats
HINT NAME % Correct
(G)I-DLE Miyeon
87%
ILLIT Minju
71%
Billlie Moon Sua
48%
BOYNEXTDOOR Myung Jaehyun
45%
P1Harmony Jongseob
42%
TWS Jihoon
23%
Ciipher, EVNNE Keita
23%
fromis_9 Seoyeon
23%
CIX BX
19%
PURPLE KISS Chaein
19%
SECRET NUMBER Jinny
19%
CIX Seung Hun
19%
PURPLE KISS Ireh
16%
AMPERS&ONE Siyun
13%
tripleS JiWoo
10%
H1-KEY Seoi
10%
VVUP Hyunny
6%
BADVILLAIN Kim Yunseo
6%
VVUP Suyeon
3%
Ciipher Hyunbin
0%
No matching quizzes found
Score Distribution
Percent of People with Each Score
Percentile by Number Answered
Your Score History
You have not taken this quiz